Teams that have beaten Czech Republic at the Fifa World Cup - Statistics

General Stats
  • This quiz has been taken 16 times
  • The average score is 12 of 16
Answer Stats
Year Score Answer % Correct
1938 2-1 Brazil
100%
1962 3-1 Brazil
100%
1970 4-1 Brazil
100%
1934 2-1 Italy
94%
1990 2-0 Italy
94%
2006 2-0 Italy
94%
1970 1-0 England
88%
1982 2-0 England
88%
1954 2-0 Uruguay
81%
1990 1-0 West Germany
81%
1970 2-1 Romania
69%
1954 5-0 Austria
63%
1962 3-1 Mexico
63%
2006 2-0 Ghana
44%
1958 1-0 Northern Ireland
25%
1958 2-1 Northern Ireland
25%
No matching quizzes found
Score Distribution
Percent of People with Each Score
Percentile by Number Answered
Your Score History
You have not taken this quiz